Socioeconomic diversity, political engagement, and the density of nonprofit organizations in U.S. countries (Record no. 109080)

000 -LEADER
fixed length control field 01581pab a2200181 454500
008 - FIXED-LENGTH DATA ELEMENTS--GENERAL INFORMATION
fixed length control field 180718b2015 xxu||||| |||| 00| 0 eng d
100 ## - MAIN ENTRY--PERSONAL NAME
Personal name Kim, Mirae
245 ## - TITLE STATEMENT
Title Socioeconomic diversity, political engagement, and the density of nonprofit organizations in U.S. countries
260 ## - PUBLICATION, DISTRIBUTION, ETC.
Date of publication, distribution, etc. 2015
300 ## - PHYSICAL DESCRIPTION
Extent p.402-416
362 ## - DATES OF PUBLICATION AND/OR SEQUENTIAL DESIGNATION
Dates of publication and/or sequential designation Jul
520 ## - SUMMARY, ETC.
Summary, etc. This study examines the hypothesis that a community's heterogeneous demands for public service, represented by a communityメs income inequality and racial-ethnic diversity, together with its level of political engagement, help explain the density of nonprofits in a local area. Using data on more than 3,000 U.S. counties, empirical analyses reveal that communities with a higher level of income inequality and political engagement tend to have more nonprofits per resident than otherwise similar communities. This pattern holds for the nonprofit sector overall and for 6 of the 10 major subsectors examined. These findings suggest that nonprofit organizations may fill a gap in the delivery of public services, especially when a community has a great variety of social and economic needs. This study thus highlights the role of income inequality as a factor in explaining the density of nonprofit organizations at the local level. Implications for public policy and administration are discussed. - Reproduce
650 ## - SUBJECT ADDED ENTRY--TOPICAL TERM
Topical term or geographic name entry element Income distribution - United States
650 ## - SUBJECT ADDED ENTRY--TOPICAL TERM
Topical term or geographic name entry element Nonprofit organizations - United States
650 ## - SUBJECT ADDED ENTRY--TOPICAL TERM
Topical term or geographic name entry element Nonprofit organizations
773 ## - HOST ITEM ENTRY
Main entry heading American Review of Public Administration
909 ## -
-- 109085
Holdings
Withdrawn status Lost status Damaged status Not for loan Permanent Location Current Location Date acquired Serial Enumeration / chronology Barcode Date last seen Price effective from Koha item type
        Indian Institute of Public Administration Indian Institute of Public Administration 2018-07-19 Volume no: 45, Issue no: 4 AR109545 2018-07-19 2018-07-19 Articles

Powered by Koha